Fundamental of Human Resource Management. (Record no. 4512)

MARC details
005 - DATE AND TIME OF LATEST TRANSACTION
control field 20250620104734.0
020 ## - INTERNATIONAL STANDARD BOOK NUMBER
International Standard Book Number -13:978-0-07-293425-0
082 ## - DEWEY DECIMAL CLASSIFICATION NUMBER
Classification number 658.3[dc22] FUN
100 ## - MAIN ENTRY--PERSONAL NAME
Author name NOE. R. A.
245 ## - TITLE STATEMENT
Title Fundamental of Human Resource Management.
250 ## - EDITION STATEMENT
Edition statement 2nd Ed,
260 ## - PUBLICATION, DISTRIBUTION, ETC.
Place of publication, distribution, etc. New York,
Name of publisher, distributor, etc. Mc Graw Hill,
Date of publication, distribution, etc. 2008.
300 ## - PHYSICAL DESCRIPTION
Extent xxix, 594p.; ill.; figure picture & table
Other physical details Index
Dimensions 27CM
700 ## - ADDED ENTRY--PERSONAL NAME
Other authors/Editors HOLLENBECK. J. R, GERHART, B, WRIGHT.P.M.
942 ## - ADDED ENTRY ELEMENTS (KOHA)
Source of classification or shelving scheme Dewey Decimal Classification
Koha item type Books
Holdings
Date last seen Total checkouts Full call number Barcode Cost, replacement price Price effective from Koha item type Lost status Source of classification or shelving scheme Damaged status Not for loan Withdrawn status Home library Current library Shelving location Date acquired Cost, normal purchase price
06/20/2025   658.3[dc22] FUN DOM0003736 135000.00 06/20/2025 Books   Dewey Decimal Classification       CBE Dodoma CBE Dodoma Special Reserve Collection 04/26/2010 45000.00